000 00248nam a2200109Ia 4500
008 190913s9999||||xx |||||||||||||| ||und||
100 _aNaadeem Assrar
245 0 _aMaeeshat
260 _aKarachi
_bNaqi Printer
_c1999
300 _a780
942 _cBK
999 _c7920
_d7920